Propuesta de evaluación para matemática 4, 5 y 6
Saved in:
| Hovedforfatter: | |
|---|---|
| Format: | Bog |
| Sprog: | spansk |
| Udgivet: |
Buenos Aires
A-Z Editora
1999
|
| Fag: | |
| Tags: |
Tilføj Tag
Ingen Tags, Vær først til at tagge denne postø!
|
MARC
| LEADER | 00000nam a2200000 a 4500 | ||
|---|---|---|---|
| 001 | UCP6189 | ||
| 003 | CL-VaPUC | ||
| 008 | 991015e19990000AG |||||||||||||||||spa|d | ||
| 082 | 0 | 4 | |a 372.7 |b SEL |2 21 |
| 100 | 0 | |a Seleme, Sonia Lilian |e author |9 435120 | |
| 245 | 1 | 0 | |a Propuesta de evaluación para matemática 4, 5 y 6 |
| 300 | |a 93 p | ||
| 942 | |c BK | ||
| 945 | |d 19991015 00:00:00 |a rbrito | ||
| 260 | |a Buenos Aires |b A-Z Editora |c 1999 | ||
| 500 | |a Incluye separadamente texto del profesor | ||
| 650 | 0 | |a Matemáticas |x Enseñanza |9 875527 | |
| 650 | 0 | |a Educación básica |9 224933 | |
| 583 | |a last modification |c 19991015 00:00:00 |k Rodrigo Vera | ||
| 999 | |c 283799 |d 283797 | ||
| 952 | |0 0 |1 0 |4 0 |6 372_700000000000000_SEL_1999 |7 0 |8 P |9 327257 |a BIBEDU |b BIBEDU |c BIBEDU_PB |d 2019-11-20 |i 3569837 |o 372.7 SEL 1999 |p 3569837 |r 2024-01-25 |w 2019-11-20 |y BK |k EDU | ||
| 952 | |0 0 |1 0 |4 0 |6 372_700000000000000_SEL_1999 |7 0 |8 P |9 327258 |a BIBEDU |b BIBEDU |c BIBEDU_PB |d 2019-11-20 |i 3569861 |o 372.7 SEL 1999 |p 3569861 |r 2024-01-25 |w 2019-11-20 |y BK |k EDU | ||